|
|
|
|
| LEADER |
01066nam a2200325 a 4500 |
| 001 |
000383485 |
| 003 |
CZ BrMZK |
| 005 |
20201106113849.0 |
| 007 |
ta |
| 008 |
980115s1999 xr g f cze d |
| 015 |
|
|
|a cnb000608412
|
| 020 |
|
|
|a 80-241-0049-5
|
| 035 |
|
|
|a (OCoLC)41218410
|
| 040 |
|
|
|a BOA001
|b cze
|
| 072 |
|
7 |
|a 821.111(73)-3
|x Americká próza
|2 Konspekt
|9 25
|
| 080 |
|
|
|a 821.111(73)-31
|2 MRF
|
| 080 |
|
|
|a (0:82-312.5)
|2 MRF
|
| 100 |
1 |
|
|a McAllister, Anne
|7 mzk2005271903
|4 aut
|
| 245 |
1 |
0 |
|a Fletcherovo dítě /
|c Anne McAllisterová ; [překlad: Bohumil Starý].
|
| 260 |
|
|
|a Praha :
|b Harlequin,
|c c1999
|
| 300 |
|
|
|a 150 s. ;
|c 18 cm
|
| 490 |
1 |
|
|a Sladká romance ;
|v 40 (J 1/99)
|
| 655 |
|
7 |
|a americké romány
|7 fd131796
|2 czenas
|
| 655 |
|
7 |
|a milostné romány
|7 fd132840
|2 czenas
|
| 700 |
1 |
|
|a Starý, Bohumil
|7 xx0032200
|4 trl
|
| 765 |
0 |
|
|t Fletcher's baby!
|
| 830 |
|
0 |
|a Sladká romance
|
| 910 |
|
|
|a BOA001
|b 1-1055.747
|
| 990 |
|
|
|a BK
|
| 996 |
6 |
|
|b 2610087011
|c 1-1055.747
|l MZK
|r Sklad / do 1 hodiny
|n 18
|p p.v.
|w 000383485
|u 000010
|a 1
|e BOA001
|j MZK50
|s P
|